000 01213cam a2200217 4500
001 WB3945-18
008 031126n2003 000 0 eng u
035 _a(Sirsi) u124474
245 _aGovernment port failure
260 _c2003
490 _aPlanning (for the Natural and Built Environment)
_v(1546) 21 November 2003, 6(1)
520 _aMPs on the governments Commons Transport Committee warned that the competitiveness of UK ports is being undermined by the governments failure to deliver on its promise to improve port access. The report notes that there are arguments for planning set at an integrated national level rather than individually as the planning process now is overly complex. The MPs add that despite progress proposed in the Planning and Compulsory Purchase Bill much more could still be done. For the Association of British Ports press release on the issue: http://www.abports.co.uk/news/readnews.asp?newsitemid=695
590 _aWB
650 _aASSOCIATION OF BRITISH PORTS
650 _aPORTS
650 _aPORT EXPANSION
650 _aPLANNING AND COMPULSORY PURCHASE ACT 2004
650 _aINFRASTRUCTURE DEVELOPMENT
690 _aTRANSPORT AND COMMUNICATIONS
942 _n0
999 _c73861
_d73861